| 000 | 00616cab a2200217 4500 | ||
|---|---|---|---|
| 001 | ABS47183 | ||
| 008 | 090401t1992 xxu||||| |||| 00| 0 eng d | ||
| 035 | _a(Sirsi) u60993 | ||
| 041 | _aeng | ||
| 100 | _aDodd, J. | ||
| 245 | _aStorm warnings | ||
| 260 | _c1992 | ||
| 350 | _a0 | ||
| 490 |
_aRIBA Journal _v99(10) October 1992, 55-56(2) |
||
| 520 | _aExamines the lessons which can be learned in the fixing and ventilation of pitched roofs following recent gales. | ||
| 650 | _aPITCHED ROOFS | ||
| 650 | _aSTORMS | ||
| 690 | _aBUILT ENVIRONMENT-CONSTRUCTION DESIGN | ||
| 942 | _n0 | ||
| 948 | _c04/03/1997 | ||
| 999 |
_c37713 _d37713 |
||